[Event "It (open)"]
[Site "masterchessopen.com Porec (Croatia)"]
[Date "2009.12.04"]
[Round "3"]
[White "Ghersinich Giuseppe (CRO)"]
[Black "Brecevac Viktor (CRO)"]
[Result "1-0"]
[WhiteElo "1924"]
[BlackElo "1551"]

1.d4 Nf6 2.c4 g6 3.Nc3 Bg7 4.e4 d6 5.Nf3 O-O 6.Be2 e5 7.O-O Nc6 8.d5 Ne7 9.Ne1
Ne8 10.Nd3 f5 11.f4 fxe4 12.Nxe4 Bf5 13.Ng3 Bxd3 14.Bxd3 exf4 15.Bxf4 Bxb2
16.Rb1 Bd4+ 17.Kh1 b6 18.Qg4 Bg7 19.Qe6+ Kh8 20.Bg5 Rxf1+ 21.Rxf1 Nf6 22.Rxf6
Ng8 23.Rxg6 Qf8 24.Qh3 Re8 25.Qxh7+ Kxh7 26.Rh6# 1-0

[Event "It (open)"]
[Site "masterchessopen.com Porto Mannu (Italy)"]
[Date "2008.05.20"]
[Round "4"]
[White "Neubauer Kai (ITA)"]
[Black "Burlando Alessandro (ITA)"]
[Result "0-1"]
[WhiteElo "2016"]
[BlackElo "2162"]

1.d4 Nf6 2.c4 g6 3.Nc3 Bg7 4.e4 d6 5.Nf3 O-O 6.Be2 e5 7.O-O Nc6 8.d5 Ne7 9.Ne1
Ne8 10.Be3 f5 11.f3 f4 12.Bf2 g5 13.Rc1 b6 14.b4 a5 15.a3 axb4 16.axb4 h5
17.c5 bxc5 18.bxc5 Bh6 19.cxd6 cxd6 20.Qb3 Ng6 21.Nd3 g4 22.Qb6 Qg5 23.Qc6 Rb8
24.Ba7 g3 25.Bxb8 Qh4 26.h3 Bxh3 27.gxh3 Qxh3 28.Rf2 Nh4 29.Qb6 Kh8 30.Bf1
Nxf3+ {#R} 0-1

[Event "It (open)"]
[Site "masterchessopen.com Porto San Giorgio (Italy)"]
[Round "1"]
[White "Voltolini Mario (ITA)"]
[Black "Scharrer Patrick (ITA)"]
[Result "0-1"]
[WhiteElo "2215"]
[BlackElo "2076"]

1.d4 Nf6 2.c4 g6 3.Nc3 Bg7 4.e4 d6 5.Nf3 O-O 6.Be2 e5 7.O-O Nc6 8.d5 Ne7 9.Ne1
Ne8 10.Be3 f5 11.f3 f4 12.Bf2 g5 13.b4 Rf7 14.c5 Ng6 15.Rc1 h5 16.cxd6 cxd6
17.a4 Nf6 18.a5 g4 19.Kh1 g3 20.Bg1 gxh2 21.Bf2 h4 22.Kxh2 Nh5 23.Rg1 Ng3
24.Nb5 h3 25.Nxa7 Bf8 26.Nxc8 Rxc8 27.Nd3 Rxc1 28.Nxc1 hxg2 29.Bxg3 fxg3+
30.Kxg2 Nf4+ 31.Kf1 Qh4 32.Ke1 Bh6 33.Nd3 Qh2 {#R} 0-1

[Event "It (open)"]
[Site "masterchessopen.com Portsmouth (England)"]
[Round "1"]
[White "Wells Peter K (ENG)"]
[Black "Singleton Michael P F (ENG)"]
[Result "1-0"]
[WhiteElo "2486"]
[BlackElo "2126"]

1.d4 Nf6 2.c4 g6 3.Nc3 Bg7 4.e4 d6 5.Nf3 O-O 6.Be2 e5 7.O-O Nc6 8.d5 Ne7 9.Ne1
Ne8 10.Be3 f5 11.f3 h5 12.a4 f4 13.Bf2 g5 14.c5 Rf7 15.a5 Bf8 16.Nb5 Ng6 17.c6
bxc6 18.Nxa7 c5 19.Nxc8 Qxc8 20.b4 cxb4 21.Nd3 Rg7 22.Nxb4 Nf6 23.a6 g4 24.a7
g3 25.Ba6 gxf2+ 26.Rxf2 Qe8 27.Bb7 Ne7 28.Nc6 Nxc6 29.Bxc6 Nd7 30.Qa4 Qc8
31.Bxa8 Qxa8 32.Qc6 Qxc6 33.dxc6 Nb6 34.Rb2 {#r} 1-0

[Event "It (open)"]
[Site "masterchessopen.com Prague (Czech Republic)"]
[Round "5"]
[White "Hejl Jaroslav (CZE)"]
[Black "Nemcova Kristyna (CZE)"]
[Result "0-1"]
[WhiteElo "2008"]
[BlackElo "2033"]

1.d4 Nf6 2.c4 g6 3.Nc3 Bg7 4.e4 d6 5.Nf3 O-O 6.Be2 e5 7.O-O Nc6 8.d5 Ne7 9.Ne1
Ne8 10.Be3 f5 11.f3 f4 12.Bf2 g5 13.c5 Ng6 14.Rc1 Rf7 15.b4 h5 16.b5 Nf6 17.b6
axb6 18.cxb6 cxb6 19.Qb3 g4 20.Bxb6 Qf8 21.Qb4 g3 22.h3 Bxh3 23.gxh3 Qc8
24.Rc2 Qxh3 25.Bb5 Bf8 26.Qb2 Nh4 27.a4 Rg7 28.a5 Rc8 29.Nd3 g2 30.Rfc1 Nxf3+
31.Kf2 g1=Q+ 32.Rxg1 Rxg1 33.Nxf4 exf4 {#R} 0-1

[Event "It (open)"]
[Site "masterchessopen.com Prague (Czech Republic)"]
[Date "2008.01.15"]
[Round "6"]
[White "Vokac Marek (CZE)"]
[Black "Marholev Dimitar (BUL)"]
[Result "1-0"]
[WhiteElo "2451"]
[BlackElo "2421"]

1.d4 Nf6 2.c4 g6 3.Nc3 Bg7 4.e4 d6 5.Be2 O-O 6.Nf3 e5 7.O-O Nc6 8.d5 Ne7 9.Ne1
Ne8 10.Nd3 f5 11.f4 exf4 12.Bxf4 Nf6 13.e5 Ne4 14.Kh1 g5 15.Bc1 Nxc3 16.bxc3
dxe5 17.Bxg5 Qe8 18.Bh5 Ng6 19.Qb3 e4 20.Nf4 Bf6 21.Bxf6 Rxf6 22.c5 Kh8
23.Rad1 Qe5 24.Bxg6 hxg6 25.d6 cxd6 26.cxd6 Be6 27.Qxb7 Rd8 28.Qe7 Rd7 29.Qe8+
Kh7 30.Rd5 {#r} 1-0

[Event "It (open)"]
[Site "masterchessopen.com Prague (Czech Republic)"]
[Date "2012.01.18"]
[Round "7"]
[White "Soural Jan (CZE)"]
[Black "Stubberud Ornulf (NOR)"]
[Result "1-0"]
[WhiteElo "2195"]
[BlackElo "2321"]

1.d4 Nf6 2.Nf3 g6 3.c4 Bg7 4.Nc3 O-O 5.e4 d6 6.Be2 e5 7.O-O Nc6 8.d5 Ne7 9.Ne1
Ne8 10.f3 f5 11.Be3 f4 12.Bf2 h5 13.Rc1 g5 14.c5 Rf6 15.cxd6 cxd6 16.Nb5 a6
17.Na7 Bd7 18.Qb3 b5 19.a4 bxa4 20.Qb7 Rb8 21.Qxa6 Rxb2 22.Bc4 Kh7 23.Nd3 Rb8
24.Rb1 Rxb1 25.Rxb1 Ng6 26.Rb7 Rf7 27.Nc6 Qf6 28.Qa7 Nf8 29.Nb8 Qd8 30.Bb6 Qc8
31.Nc6 Bxc6 32.dxc6 Qxc6 33.Bxf7 Qc2 34.Ne1 Qc1 35.Bf2 {#r} 1-0

[Event "It (open)"]
[Site "masterchessopen.com Pula (Croatia)"]
[Round "0"]
[White "Kozul Zdenko (CRO)"]
[Black "Grosar Kiti (SLO)"]
[Result "1-0"]
[WhiteElo "2605"]
[BlackElo "2195"]

1.d4 Nf6 2.c4 g6 3.Nc3 Bg7 4.e4 d6 5.Nf3 O-O 6.Be2 e5 7.O-O Nc6 8.d5 Ne7 9.Ne1
Ne8 10.Nd3 f5 11.f4 exf4 12.Nxf4 Nf6 13.exf5 Nxf5 14.g4 Nh4 15.Ne6 Bxe6
16.dxe6 Ne8 17.Nd5 c6 18.Rxf8+ Bxf8 19.Qf1 Nf5 20.gxf5 cxd5 21.fxg6 Bg7
22.Qf7+ Kh8 23.e7 Qb6+ 24.Kh1 hxg6 25.Qxg6 Qc6 26.Bf3 Nf6 27.Bh6 {#r} 1-0

[Event "It (open)"]
[Site "masterchessopen.com Recklinghausen (Germany)"]
[Round "5"]
[White "Beckmann Klaus (GER)"]
[Black "Hillarp Persson Tiger (SWE)"]
[Result "0-1"]
[WhiteElo "2284"]
[BlackElo "2507"]

1.d4 Nf6 2.Nf3 g6 3.c4 Bg7 4.Nc3 O-O 5.e4 d6 6.Be2 e5 7.O-O Nc6 8.d5 Ne7 9.Ne1
Ne8 10.Nd3 f5 11.f4 exf4 12.Bxf4 h6 13.exf5 Nxf5 14.g4 Nd4 15.Kg2 Nf6 16.h3 h5
17.gxh5 Nxe2 18.Qxe2 Nxh5 19.Bd2 Bf5 20.Qf3 Qh4 21.Nf4 Nxf4+ 22.Bxf4 Rae8 {#R}
0-1

[Event "It (open)"]
[Site "masterchessopen.com Recklinghausen (Germany)"]
[Round "7"]
[White "Kartsev Soel (RUS)"]
[Black "Hillarp Persson Tiger (SWE)"]
[Result "0-1"]
[WhiteElo "2257"]
[BlackElo "2450"]

1.d4 g6 2.e4 Bg7 3.c4 d6 4.Nc3 Nf6 5.Nf3 O-O 6.Be2 e5 7.O-O Nc6 8.d5 Ne7 9.Ne1
Ne8 10.Nd3 f5 11.Bd2 Kh8 12.b4 fxe4 13.Nxe4 b5 14.Bg5 bxc4 15.Nb2 Rb8 16.Qa4
Bf5 17.f3 c6 18.Bxe7 Qxe7 19.Bxc4 cxd5 20.Bxd5 Nc7 21.Rad1 Nxd5 22.Rxd5 Bxe4
23.fxe4 Rxf1+ 24.Kxf1 Qh4 25.Nd3 Rf8+ 26.Kg1 Qxe4 {#R} 0-1

[Event "It (open)"]
[Site "masterchessopen.com Regensburg (Germany)"]
[Round "4"]
[White "Kleeschaetzky Ralf (GER)"]
[Black "Fischer Marc (FRA)"]
[Result "1-0"]
[WhiteElo "2225"]
[BlackElo "2215"]

1.Nf3 Nf6 2.c4 g6 3.Nc3 Bg7 4.e4 d6 5.d4 O-O 6.Be2 e5 7.O-O Nc6 8.d5 Ne7 9.Ne1
Ne8 10.f4 f5 11.Nd3 exf4 12.Nxf4 Nf6 13.exf5 Nxf5 14.g4 Ne7 15.Be3 c6 16.h3
Ne8 17.Qd2 Nc7 18.Rad1 c5 19.Ne4 b6 20.b4 Rb8 21.b5 Kh8 22.Nd3 Rxf1+ 23.Rxf1
Ne8 24.Bg5 Rb7 25.Rf7 Kg8 26.Qf4 h6 27.Bxh6 Bxh6 28.Qxh6 Kxf7 29.Ng5+ Kf6
30.Nh7+ Kf7 31.Qf8# 1-0

[Event "It (open)"]
[Site "masterchessopen.com Rewal (Poland)"]
[Date "2007.08.28"]
[Round "8"]
[White "Rawicz Karol (POL)"]
[Black "Czartoryski Pawel (POL)"]
[Result "1-0"]
[WhiteElo "2195"]
[BlackElo "2066"]

1.d4 Nf6 2.c4 d6 3.Nf3 g6 4.Nc3 Bg7 5.e4 O-O 6.Be2 e5 7.O-O Nc6 8.d5 Ne7 9.Ne1
a5 10.Nd3 c5 11.f4 Ne8 12.fxe5 Bxe5 13.Nxe5 dxe5 14.Bh6 Ng7 15.d6 Nc6 16.Qd5
Be6 17.Qxc5 Rc8 18.Rad1 b6 19.Qe3 Nd4 20.Rxd4 exd4 21.Qxd4 f6 22.e5 Nf5
23.Rxf5 gxf5 24.Bxf8 Kxf8 25.exf6 Kf7 26.Bh5+ Kf8 27.b3 Rc6 28.Nb5 a4 29.Bf3
Rc5 30.Qh4 axb3 31.Qg5 Ke8 32.Qg7 Bf7 33.Bh5 Bxh5 34.d7+ {#r} 1-0

[Event "It (open)"]
[Site "masterchessopen.com Rio de Janeiro (Brazil)"]
[Date "2010.02.20"]
[Round "3"]
[White "Abdalla Luiz Guilherme Aurelli (BRA)"]
[Black "Dacal Jorge (BRA)"]
[Result "1-0"]
[WhiteElo "2294"]
[BlackElo "1845"]

1.d4 Nf6 2.c4 d6 3.Nf3 g6 4.Nc3 Bg7 5.e4 O-O 6.Be2 e5 7.O-O Nc6 8.d5 Ne7 9.Ne1
Ne8 10.Be3 c5 11.dxc6 bxc6 12.Qd2 Be6 13.Rd1 Qc7 14.f4 f5 15.Nf3 fxe4 16.Ng5
Qc8 17.Ncxe4 Nf5 18.fxe5 Bxe5 19.Bf4 Nd4 20.Bxe5 Rxf1+ 21.Rxf1 dxe5 22.Nf3
Nxf3+ 23.Rxf3 Qc7 24.Qh6 Qg7 25.Qh4 Kh8 26.Ng5 Bg8 27.Qe4 Nf6 28.Qxc6 Rd8
29.Qxf6 {#r} 1-0

[Event "It (open)"]
[Site "masterchessopen.com Saint-Quentin (France)"]
[Round "3"]
[White "Winckel Fabrice (FRA)"]
[Black "Ayral Vincent (FRA)"]
[Result "0-1"]
[WhiteElo "1689"]
[BlackElo "2016"]

1.d4 Nf6 2.c4 g6 3.Nc3 Bg7 4.e4 d6 5.Nf3 O-O 6.Be2 e5 7.O-O Nc6 8.d5 Ne7 9.Ne1
c5 10.dxc6 bxc6 11.f4 d5 12.exd5 cxd5 13.fxe5 Qb6+ 14.Kh1 Ne4 15.Nxe4 dxe4
16.Qb3 Be6 17.Qxb6 axb6 18.Bf4 Nc6 19.Nc2 Nxe5 20.Na3 Rfc8 21.Be3 Nxc4 22.Nxc4
Bxc4 23.Bxc4 Rxc4 24.b3 Bxa1 25.bxc4 Rxa2 26.Bxb6 Be5 27.Be3 Rc2 28.c5 f5
29.g3 Kf7 30.g4 Rxh2+ 31.Kg1 Rh3 {#R} 0-1

[Event "It (open)"]
[Site "masterchessopen.com San Sebastian (Spain)"]
[Round "0"]
[White "Pogorelov Ruslan (UKR)"]
[Black "Ivanov Mikhail M (RUS)"]
[Result "0-1"]
[WhiteElo "2450"]
[BlackElo "2465"]

1.Nf3 Nf6 2.c4 g6 3.Nc3 Bg7 4.e4 d6 5.d4 O-O 6.Be2 e5 7.O-O Nc6 8.d5 Ne7 9.Ne1
Ne8 10.Be3 f5 11.f3 f4 12.Bf2 h5 13.a4 g5 14.c5 Rf6 15.cxd6 Nxd6 16.Nb5 a6
17.Nxd6 cxd6 18.a5 Bd7 19.h3 Rg6 20.Bb6 Qe8 21.Nd3 Nc8 22.Rc1 Nxb6 23.axb6 Bf6
24.Qd2 Bd8 25.Qa5 g4 26.fxg4 hxg4 27.Bxg4 Bxg4 28.hxg4 Rxg4 29.Nf2 Rg7 30.Qc3
Rg3 {#R} 0-1

[Event "It (open)"]
[Site "masterchessopen.com San Sebastian de los Reyes (Spain)"]
[Date "2008.12.01"]
[Round "2"]
[White "Alvarez Gonzalez Eduardo (ESP)"]
[Black "Ramos Aldoradin John Paul (ESP)"]
[Result "0-1"]
[WhiteElo "1845"]
[BlackElo "2102"]

1.d4 Nf6 2.Nf3 g6 3.c4 Bg7 4.Nc3 O-O 5.e4 d6 6.Be2 e5 7.O-O Nc6 8.d5 Ne7 9.Ne1
Ne8 10.Be3 f5 11.f3 f4 12.Bf2 g5 13.b4 Ng6 14.Nd3 h5 15.c5 Rf7 16.Rc1 Nf6
17.cxd6 cxd6 18.Qb3 g4 19.Rfd1 h4 20.Kh1 g3 21.Bg1 gxh2 22.Bxh2 Nh5 23.Rd2
Ng3+ 24.Bxg3 hxg3 25.Kg1 Qh4 26.Bd1 Qh2+ 27.Kf1 Qh1+ 28.Ke2 Qxg2+ 29.Ke1 Qg1+
30.Ke2 Qe3+ {#R} 0-1

[Event "It (open)"]
[Site "masterchessopen.com Santiago (Chile)"]
[Date "2005.02.24"]
[Round "11"]
[White "Caceres Sergio (CHI)"]
[Black "Valdes Escobar Alvaro (CHI)"]
[Result "0-1"]
[WhiteElo "2180"]
[BlackElo "2254"]

1.d4 Nf6 2.c4 g6 3.Nc3 Bg7 4.e4 d6 5.Nf3 O-O 6.Be2 e5 7.O-O Nc6 8.d5 Ne7 9.Ne1
Ne8 10.f3 f5 11.g4 Kh8 12.Be3 Ng8 13.Qd2 fxg4 14.fxg4 Rxf1+ 15.Kxf1 Qh4 16.Nf3
Qxg4 17.Ng5 Qd7 18.c5 Qe7 19.cxd6 cxd6 20.Kg1 Ngf6 21.h3 Nc7 22.Kg2 h6 23.Nf3
Kh7 24.Nh2 Bd7 25.a4 Na6 26.Bb5 Nc5 27.Bxc5 dxc5 28.Bxd7 Qxd7 29.Qe3 Nh5
30.Ne2 b6 31.Nf3 Rf8 32.Nd2 Nf4+ 33.Kh2 Nxh3 34.Rf1 Rxf1 35.Nxf1 Ng5 {#R} 0-1

[Event "It (open)"]
[Site "masterchessopen.com Sao Paulo (Brazil)"]
[Date "2008.08.28"]
[Round "6"]
[White "Cruz Evandra (BRA)"]
[Black "Aragao Nt Joao Batista (BRA)"]
[Result "0-1"]
[WhiteElo "1928"]
[BlackElo "1875"]

1.d4 Nf6 2.c4 g6 3.Nc3 Bg7 4.e4 d6 5.Be2 O-O 6.Nf3 Nc6 7.O-O e5 8.d5 Ne7 9.Ne1
Ne8 10.Be3 f5 11.f3 f4 12.Bf2 g5 13.b4 h5 14.h3 Rf6 15.c5 Rg6 16.Rb1 Nf6
17.Qc2 g4 18.hxg4 hxg4 19.fxg4 Nxg4 20.Nf3 Kf7 21.cxd6 cxd6 22.Nh4 Rg5 23.Nf3
Rh5 24.Nh2 Rg5 25.Nxg4 Bxg4 26.Bxg4 Rxg4 27.Qe2 Qd7 28.Nb5 Rg6 29.Bxa7 Bf6
30.Rbc1 Rag8 31.Rf2 Bh4 32.Rc7 Bxf2+ 33.Bxf2 Qh3 34.Nxd6+ Kf8 35.Kf1 Qh1+ {#R}
0-1

[Event "It (open)"]
[Site "masterchessopen.com Seefeld (Austria)"]
[Round "0"]
[White "Kircher Werner (GER)"]
[Black "Kleinsasser Franz (AUT)"]
[Result "1-0"]
[WhiteElo "1948"]
[BlackElo "2124"]

1.d4 Nf6 2.c4 g6 3.Nc3 Bg7 4.e4 d6 5.Be2 O-O 6.Nf3 e5 7.O-O Nc6 8.d5 Ne7 9.Ne1
Ne8 10.Nd3 f5 11.f3 Nf6 12.Be3 f4 13.Bf2 g5 14.g4 h5 15.h3 Rf7 16.c5 Bf8
17.Kg2 Ng6 18.Rg1 hxg4 19.hxg4 Rh7 20.Rh1 Rxh1 21.Qxh1 Qd7 22.b4 Qe8 23.a4 Bd7
24.b5 c6 25.bxc6 bxc6 26.cxd6 Bxd6 27.Qh6 Bf8 28.Qxg5 cxd5 29.Qxf6 {#r} 1-0

[Event "It (open)"]
[Site "masterchessopen.com Sevilla (Spain)"]
[Round "0"]
[White "Serrano Marhuenda Salvador (ESP)"]
[Black "Rodriguez Aguilera Juan (ESP)"]
[Result "0-1"]
[WhiteElo "2103"]
[BlackElo "2236"]

1.d4 Nf6 2.c4 g6 3.Nc3 Bg7 4.e4 d6 5.Nf3 O-O 6.Be2 e5 7.O-O Nc6 8.d5 Ne7 9.Ne1
Ne8 10.Be3 f5 11.f3 f4 12.Bf2 g5 13.a4 Ng6 14.a5 h5 15.b4 Nf6 16.h3 Rf7 17.c5
Bf8 18.cxd6 cxd6 19.Nb5 g4 20.hxg4 hxg4 21.fxg4 Nxe4 22.Qd3 Nxf2 23.Qxg6+ Rg7
24.Qh5 Bxg4 25.Bxg4 Nxg4 26.Rf3 Qd7 27.Nc3 Nf6 28.Qh4 Be7 29.Rh3 Kf7 30.Nf3
Rag8 31.Rh2 Kf8 32.Nxe5 dxe5 33.d6 Qxd6 34.Rd1 Qc6 {#R} 0-1

[Event "It (open)"]
[Site "masterchessopen.com Sevilla (Spain)"]
[Date "2007.01.09"]
[Round "3"]
[White "Lopez Martinez Josep Manuel (ESP)"]
[Black "Garcia Luque Agustin (ESP)"]
[Result "1-0"]
[WhiteElo "2563"]
[BlackElo "2384"]

1.d4 Nf6 2.Nf3 g6 3.c4 Bg7 4.Nc3 O-O 5.e4 d6 6.Be2 e5 7.O-O Nc6 8.d5 Ne7 9.Ne1
Ne8 10.Be3 f5 11.f3 f4 12.Bf2 h5 13.c5 g5 14.Rc1 Rf6 15.cxd6 cxd6 16.Nb5 a6
17.Nc7 Nxc7 18.Bb6 Rg6 19.Rxc7 Qf8 20.Qa4 g4 21.Kh1 Bf6 22.Bb5 gxf3 23.Nxf3
Rxg2 24.Kxg2 axb5 25.Qxb5 Rxa2 26.Kf2 Kf7 27.Rfc1 Bg4 28.R1c2 Qa8 29.Qb4 Ra4
30.Qxd6 Rxe4 31.Rxe7+ Bxe7 32.Rc7 Qe8 33.Bc5 Re2+ 34.Kxe2 Qb5+ 35.Ke1 {#r} 1-0

[Event "It (open)"]
[Site "masterchessopen.com Singapore"]
[Round "6"]
[White "Lim Chuing Hoong (MAS)"]
[Black "Tan Koh Boon Mark (SIN)"]
[Result "1-0"]
[WhiteElo "2225"]
[BlackElo "2070"]

1.d4 Nf6 2.c4 g6 3.Nc3 Bg7 4.e4 d6 5.Nf3 O-O 6.Be2 Nc6 7.O-O e5 8.d5 Ne7 9.Ne1
Ne8 10.Be3 f5 11.f3 a5 12.c5 f4 13.Bf2 g5 14.Rc1 Rf7 15.cxd6 cxd6 16.Na4 b5
17.Bxb5 Rb8 18.Qe2 Nf6 19.Qc4 Bh6 20.Ba7 Rb7 21.Bf2 Rf8 22.Nd3 g4 23.Nxe5 g3
24.Bd4 gxh2+ 25.Kxh2 Nexd5 26.Nc6 Ng4+ 27.fxg4 Qh4+ 28.Kg1 f3 29.Qxd5+ Rff7
30.Rxf3 Bxc1 31.Bf2 Qh6 32.Ne7+ Kg7 33.Bd4+ Rf6 34.Bxf6+ {#r} 1-0

[Event "It (open)"]
[Site "masterchessopen.com Skopje (Macedonia)"]
[Round "9"]
[White "Novakovic Slavko (MKD)"]
[Black "Zuberoski Enes (MKD)"]
[Result "1-0"]
[WhiteElo "2082"]
[BlackElo "2114"]

1.d4 Nf6 2.c4 g6 3.Nc3 Bg7 4.e4 d6 5.Be2 O-O 6.Nf3 e5 7.O-O Nc6 8.d5 Ne7 9.Ne1
Ne8 10.Be3 c5 11.Rb1 f5 12.f3 f4 13.Bf2 Nf6 14.b4 b6 15.a4 g5 16.Nd3 Ng6
17.bxc5 bxc5 18.Nxc5 dxc5 19.Bxc5 Rf7 20.Bf2 h5 21.c5 g4 22.d6 Be6 23.Nb5 Ne8
24.fxg4 hxg4 25.Bxg4 Qd7 26.Bxe6 Qxe6 27.Qd5 Qc8 28.c6 {#r} 1-0

[Event "It (open)"]
[Site "masterchessopen.com Soest (Netherlands)"]
[Round "3"]
[White "Bakker Sven (NED)"]
[Black "Vladimirov Boris T (RUS)"]
[Result "1-0"]
[WhiteElo "2217"]
[BlackElo "2405"]

1.d4 Nf6 2.c4 g6 3.Nc3 Bg7 4.e4 d6 5.Nf3 O-O 6.Be2 e5 7.O-O Nc6 8.d5 Ne7 9.Ne1
Ne8 10.Nd3 f5 11.f3 f4 12.g4 fxg3 13.hxg3 h6 14.Kg2 g5 15.Be3 Ng6 16.Rh1 Nf6
17.a4 Bd7 18.c5 Qe8 19.Nf2 Nh8 20.Qb3 Qf7 21.Rac1 b6 22.cxd6 cxd6 23.Nb5 Bxb5
24.Qxb5 Rfc8 25.Rc6 Bf8 26.Rhc1 Qd7 27.Rxc8 {#r} 1-0

[Event "It (open)"]
[Site "masterchessopen.com Soest (Netherlands)"]
[Round "7"]
[White "Vroombout Enrico (NED)"]
[Black "Harmsen Nicolaas Jacob (NED)"]
[Result "0-1"]
[WhiteElo "2132"]
[BlackElo "2122"]

1.e4 d6 2.d4 g6 3.c4 Nf6 4.Nc3 Bg7 5.Nf3 O-O 6.Be2 e5 7.O-O Nc6 8.d5 Ne7 9.Ne1
Ne8 10.Be3 f5 11.f3 f4 12.Bf2 g5 13.a4 h5 14.a5 Rf7 15.c5 Bf8 16.a6 b6 17.cxb6
cxb6 18.Nc2 Rg7 19.Nb4 g4 20.Bh4 Qc7 21.Nc6 Ng6 22.Bd8 Qf7 23.fxg4 hxg4
24.Bxg4 Bxg4 25.Qxg4 Ne7 26.Qd7 Nxc6 27.dxc6 Qg6 28.Qh3 Rxd8 {#R} 0-1

[Event "It (open)"]
[Site "masterchessopen.com Sofia (Bulgaria)"]
[Date "2004.10.09"]
[Round "2"]
[White "Evstatiev Georgi (BUL)"]
[Black "Zdravchev Ivan"]
[Result "1-0"]
[WhiteElo "2085"]
[BlackElo "2050"]

1.d4 Nf6 2.Nf3 g6 3.c4 Bg7 4.Nc3 O-O 5.e4 d6 6.Be2 e5 7.O-O Nc6 8.d5 Ne7 9.Ne1
a5 10.Be3 Nd7 11.Nd3 c5 12.Nb5 Ra6 13.a3 a4 14.b4 axb3 15.Qxb3 f5 16.f3 Nf6
17.Nc3 f4 18.Bf2 g5 19.Rfb1 g4 20.Na4 Rxa4 21.Qxa4 Ng6 22.Be1 h5 23.Qa7 Qe7
24.Rb3 gxf3 25.Bxf3 Ng4 26.Rab1 Ne3 27.Rxb7 Bxb7 28.Rxb7 Qf6 29.a4 h4 30.a5 h3
31.a6 Nh8 32.Bh4 Qg6 33.Ne1 Nxc4 {#r} 1-0

[Event "It (open)"]
[Site "masterchessopen.com Southend (England)"]
[Round "0"]
[White "Almond Richard (ENG)"]
[Black "Weidemann Joerg (GER)"]
[Result "1-0"]
[WhiteElo "2122"]
[BlackElo "2302"]

1.d4 Nf6 2.c4 g6 3.Nc3 Bg7 4.e4 d6 5.Nf3 O-O 6.Be2 e5 7.O-O Nc6 8.d5 Ne7 9.Ne1
Ne8 10.f3 f5 11.g4 f4 12.h4 h6 13.Nd3 Kf7 14.Kg2 Kg8 15.Bd2 Rf7 16.c5 a6
17.Rc1 Bd7 18.Qb3 Rb8 19.cxd6 Nxd6 20.Nc5 Kh7 21.Nxd7 Qxd7 22.Bxa6 Nec8 23.Be2
Bf6 24.Rh1 Kg7 25.Na4 b6 26.Nc5 bxc5 27.Qxb8 Nb6 28.Rxc5 Qe7 29.Rhc1 Nd7
30.Qxc7 Nxc5 31.Qxc5 Bxh4 32.Bb4 Qb7 33.Qxd6 Be7 34.Qxe5+ Bf6 35.Qd6 Be7 {#r}
1-0

[Event "It (open)"]
[Site "masterchessopen.com Spijkenisse (Netherlands)"]
[Date "2010.05.14"]
[Round "1"]
[White "Van Den Ouden Lendert (NED)"]
[Black "De Heer Henk (NED)"]
[Result "0-1"]
[WhiteElo "2021"]
[BlackElo "1911"]

1.c4 Nf6 2.Nc3 g6 3.e4 d6 4.d4 Bg7 5.Nf3 O-O 6.Be2 e5 7.O-O Nc6 8.d5 Ne7 9.Ne1
Ne8 10.Be3 f5 11.f3 f4 12.Bf2 a5 13.c5 g5 14.a4 Nf6 15.Nd3 h5 16.b4 axb4
17.Nb5 g4 18.cxd6 cxd6 19.Bh4 gxf3 20.gxf3 Bh3 21.Re1 Ng6 22.Bg5 Qb6+ 23.Kh1
b3 24.Bxf6 Bxf6 25.Qxb3 Nh4 26.Rg1+ Kh8 27.Bf1 Bd7 28.Bg2 Nxg2 29.Kxg2 Rg8+
30.Kh1 Qe3 31.Rgf1 Bh3 32.Rf2 Bh4 33.Re1 Bxf2 34.Rxe3 Rg1# 0-1

[Event "It (open)"]
[Site "masterchessopen.com St. Ingbert (Germany)"]
[Round "5"]
[White "Duebon Pierre (GER)"]
[Black "Moehrmann Marcus (GER)"]
[Result "1-0"]
[WhiteElo "2140"]
[BlackElo "2059"]

1.d4 Nf6 2.c4 g6 3.Nc3 Bg7 4.e4 d6 5.Nf3 O-O 6.Be2 e5 7.O-O Nc6 8.d5 Ne7 9.Ne1
Ne8 10.Be3 f5 11.f3 f4 12.Bf2 Nf6 13.c5 g5 14.cxd6 cxd6 15.Rc1 Ng6 16.Nb5 g4
17.Nc7 g3 18.Nxa8 Nh5 19.Kh1 gxf2 20.Rxf2 Rf7 21.Qc2 Bd7 22.Nc7 Nf8 23.Ne6
Nxe6 24.dxe6 Bxe6 25.Bc4 d5 26.Bxd5 Bxd5 27.exd5 e4 28.Qc8 Rf8 29.Qxd8 Rxd8
30.fxe4 Re8 31.Re2 Nf6 32.d6 {#r} 1-0

[Event "It (open)"]
[Site "masterchessopen.com St. Lo (France)"]
[Round "1"]
[White "Mourot Felix (FRA)"]
[Black "Housieaux David (FRA)"]
[Result "0-1"]
[WhiteElo "2177"]
[BlackElo "2252"]

1.d4 Nf6 2.c4 g6 3.Nc3 Bg7 4.e4 d6 5.Nf3 O-O 6.Be2 e5 7.O-O Nc6 8.d5 Ne7 9.Ne1
Ne8 10.f3 f5 11.g4 Kh8 12.Kg2 Nf6 13.Nd3 c6 14.Be3 b5 15.g5 Nh5 16.dxc6 bxc4
17.Nb4 a5 18.Nbd5 Nxc6 19.h4 Rb8 20.Rb1 Qd7 21.Rh1 Nd4 22.Bxc4 fxe4 23.Nxe4
Rxf3 24.Nf2 Rg3+ 25.Kf1 Rxe3 26.Nxe3 Ng3+ 27.Kg1 Nxh1 28.Kxh1 Bb7+ 29.Kg1 Bf3
30.Qf1 d5 31.Ba6 Qd6 32.Rc1 e4 33.Nh1 Be5 34.Kf2 Rxb2+ 35.Ke1 Qb4+ {#R} 0-1

[Event "It (open)"]
[Site "masterchessopen.com St. Veit (Austria)"]
[Round "5"]
[White "Wilfling Hermann (AUT)"]
[Black "Pierecker Markus (AUT)"]
[Result "0-1"]
[WhiteElo "2147"]
[BlackElo "2218"]

1.d4 Nf6 2.c4 g6 3.Nc3 Bg7 4.e4 d6 5.Nf3 O-O 6.Be2 e5 7.O-O Nc6 8.d5 Ne7 9.Ne1
Ne8 10.Be3 f5 11.f3 h5 12.b4 f4 13.Bf2 g5 14.c5 Ng6 15.Rc1 Rf7 16.Nb5 Bf8
17.cxd6 Bxd6 18.Nd3 a6 19.Nc3 b6 20.a4 Rg7 21.a5 bxa5 22.bxa5 g4 23.fxg4 Qg5
24.h3 Nf6 25.Ne1 hxg4 26.hxg4 Nxg4 27.Bxg4 Bxg4 28.Qd3 Rh7 29.Na4 Bd7 30.Rc6
Bxc6 31.dxc6 Kg7 32.Nf3 Rah8 33.Bh4 Qg4 {#R} 0-1

[Event "It (open)"]
[Site "masterchessopen.com St. Veit (Austria)"]
[Round "2"]
[White "Kaspret Guido (AUT)"]
[Black "Deutschmann Robert Peter (AUT)"]
[Result "1-0"]
[WhiteElo "2328"]
[BlackElo "2031"]

1.c4 Nf6 2.Nc3 g6 3.e4 d6 4.d4 Bg7 5.Nf3 O-O 6.Be2 e5 7.O-O Nc6 8.d5 Ne7 9.Ne1
Ne8 10.f4 exf4 11.Bxf4 h6 12.g4 g5 13.Bg3 Ng6 14.Nd3 Bd4+ 15.Kg2 f6 16.Qd2 c5
17.Nd1 b5 18.cxb5 a6 19.bxa6 Nc7 20.Nb4 Ne7 21.Nc2 Be5 22.Bxe5 fxe5 23.Rxf8+
Qxf8 24.Nf2 Ng6 25.Nh3 Nf4+ 26.Nxf4 gxf4 27.b4 cxb4 28.Nxb4 Qg7 29.Kh1 Kh8
30.Qc3 Qf7 31.Rg1 Kh7 32.g5 hxg5 33.Rxg5 f3 34.Bxf3 Qf4 35.Qxc7+ {#r} 1-0

[Event "It (open)"]
[Site "masterchessopen.com St. Veit (Austria)"]
[Round "0"]
[White "Hinteregger Arthur (AUT)"]
[Black "Ragger Markus (AUT)"]
[Result "0-1"]
[WhiteElo "2227"]
[BlackElo "2163"]

1.d4 Nf6 2.Nf3 g6 3.c4 Bg7 4.Nc3 d6 5.e4 O-O 6.Be2 e5 7.O-O Nc6 8.d5 Ne7 9.Ne1
a5 10.Nd3 Nd7 11.Be3 f5 12.f3 f4 13.Bf2 Rf7 14.c5 g5 15.cxd6 cxd6 16.Rc1 Ng6
17.Qb3 Bf8 18.Na4 Rg7 19.Bb6 Qe8 20.Qb5 Nh4 21.g3 fxg3 22.hxg3 Ng6 23.Rc7 Be7
24.Rfc1 Nf4 25.gxf4 gxf4+ 26.Kf1 h5 27.Bf2 h4 28.Ke1 h3 29.Kd2 Qd8 30.Bb6 h2
31.Nf2 Qf8 32.Rxd7 Bxd7 33.Qxd7 Rg1 34.Qe6+ Qf7 {#R} 0-1